000
00357nam a22001577a 4500
003
MPLRDC
005
20220104143157.0
008
210129b ||||| |||| 00| 0 eng d
082
_a
381 HB
100
_a
怀冰译述
245
_a
动物奇观
_c
260
_a
_b
大光出版社
_c
1967
300
_b
平
650
_a
动物形态
942
_c
BK
_o
381 HB
999
_c
37374
_d
37364